[Event "European Blitz 2017"]
[Site "Katowice POL"]
[Date "2017.12.15"]
[Round "12.34"]
[White "Zelcic, Robert"]
[Black "Stojcevski, Zoran"]
[Result "1-0"]
[WhiteTitle "GM"]
[BlackTitle "FM"]
[WhiteElo "2501"]
[BlackElo "2337"]
[WhiteFideId "14500310"]
[BlackFideId "15000192"]
[EventDate "2017.12.15"]
[EventType "blitz"]

1. e4 e5 2. Nf3 Nc6 3. Bc4 Bc5 4. O-O Qf6 5. c3 Nge7 6. d3 h6 7. Be3 Bb6 8. Nbd2
d6 9. a4 g5 10. b4 a5 11. Bxb6 cxb6 12. Bb5 Ng6 13. Nc4 Bg4 14. h3 Bxf3 15. Qxf3
Qxf3 16. gxf3 Rd8 17. bxa5 bxa5 18. Nxa5 O-O 19. Nxb7 Rc8 20. Nxd6 Rc7 21. Nc4
Nf4 22. Ne3 Ne7 23. Bc4 Nxh3+ 24. Kh2 Nf4 25. a5 Ne2 26. Ra3 Rb8 27. a6 Ra7 28.
Nd5 Nxd5 29. Bxd5 Rb6 30. Bb7 Kg7 31. Re1 Nf4 32. Rd1 h5 33. c4 Ne6 34. Ra5 f6
35. Rb5 Rd6 36. c5 Rd4 37. c6 Nc7 38. Rc5 h4 39. Rc4 Rd6 40. d4 exd4 41. Rcxd4
Rxd4 42. Rxd4 Nb5 43. c7 Nxc7 44. Rd7+ 1-0

[Event "European Blitz 2017"]
[Site "Katowice POL"]
[Date "2017.12.15"]
[Round "12.35"]
[White "Ondrus, Martin"]
[Black "Kislinsky, Alexey"]
[Result "0-1"]
[BlackTitle "GM"]
[WhiteElo "2261"]
[BlackElo "2513"]
[WhiteFideId "14913330"]
[BlackFideId "14108801"]
[EventDate "2017.12.15"]
[EventType "blitz"]

1. e4 c5 2. Nf3 g6 3. d4 Bg7 4. Nc3 cxd4 5. Nxd4 Nc6 6. Be3 Nf6 7. Bc4 d6 8. f3
Nd7 9. Qd2 Nb6 10. Be2 Ne5 11. b3 Bd7 12. O-O Rc8 13. Nd5 Nxd5 14. exd5 O-O 15.
Rfe1 a6 16. c4 f5 17. Rad1 b5 18. cxb5 axb5 19. Bxb5 f4 20. Bf2 Bxb5 21. Nxb5 g5
22. Nd4 g4 23. Ne6 Qd7 24. fxg4 Nxg4 25. Nxf8 Rxf8 26. Bd4 Ne5 27. Rf1 Qg4 28.
Bxe5 Bxe5 29. Rf3 Kh8 30. h3 Qg7 31. a4 Rg8 32. a5 Qf8 33. b4 Qb8 34. Rb3 Qa7+
35. Kh1 Qb8 36. b5 f3 37. gxf3 Qc8 38. Qh6 Qc2 0-1

[Event "European Blitz 2017"]
[Site "Katowice POL"]
[Date "2017.12.15"]
[Round "12.36"]
[White "Fedorchuk, Sergey A."]
[Black "Schulz, Karsten"]
[Result "0-1"]
[WhiteTitle "GM"]
[BlackTitle "FM"]
[WhiteElo "2648"]
[BlackElo "2293"]
[WhiteFideId "14102536"]
[BlackFideId "4611446"]
[EventDate "2017.12.15"]
[EventType "blitz"]

1. e4 d6 2. d4 Nf6 3. Nc3 e5 4. Nf3 exd4 5. Nxd4 Be7 6. g3 O-O 7. Bg2 Re8 8. O-O
Bf8 9. h3 c6 10. a4 a5 11. Re1 Nbd7 12. Bf4 Ne5 13. b3 Bd7 14. Qd2 Qc7 15. Rad1
Rad8 16. Bg5 Be7 17. g4 Bc8 18. Nf5 Bxf5 19. gxf5 Ned7 20. Bf4 Nc5 21. Kh1 Qc8
22. Be3 d5 23. exd5 Qxf5 24. Bd4 cxd5 25. Re5 Qc8 26. Rxe7 Rxe7 27. Bxf6 gxf6
28. Nxd5 Rxd5 29. Qxd5 Rd7 30. Qf3 Rxd1+ 31. Qxd1 Qf5 32. Kg1 b6 33. Bd5 Kg7 34.
Kg2 h5 35. Bf3 Ne6 36. Kh2 Nf4 37. Bg2 Qe5 38. Kh1 Qg5 39. Qf3 Ne6 40. Bf1 Nd4
41. Qd3 Qd5+ 42. Bg2 Qe5 43. Qd2 Ne6 44. Kg1 Nf4 45. Bf1 Qg5+ 46. Kh2 Qe5 47.
Kg1 Qg5+ 48. Kh1 Qe5 49. Kg1 Qg5+ 50. Kh1 Nxh3 51. Qe1 Qg1# 0-1

[Event "European Blitz 2017"]
[Site "Katowice POL"]
[Date "2017.12.15"]
[Round "12.37"]
[White "Ladva, Ottomar"]
[Black "Lewtak, Damian"]
[Result "1-0"]
[WhiteTitle "GM"]
[WhiteElo "2522"]
[BlackElo "2358"]
[WhiteFideId "4500024"]
[BlackFideId "1141724"]
[EventDate "2017.12.15"]
[EventType "blitz"]

1. g3 d5 2. Nf3 Nf6 3. Bg2 c5 4. O-O Nc6 5. d4 e6 6. c4 dxc4 7. dxc5 Qxd1 8.
Rxd1 Bxc5 9. Nbd2 O-O 10. Nxc4 Rd8 11. Rxd8+ Nxd8 12. Nfe5 Nd7 13. Bf4 Nxe5 14.
Nxe5 f6 15. Nd3 Bb6 16. Bd6 e5 17. Nc5 Bxc5 18. Bxc5 Be6 19. a4 Nc6 20. b4 a6
21. Rb1 Rc8 22. b5 axb5 23. axb5 Nd8 24. Bb6 Nf7 25. Rd1 Kf8 26. Ba5 Rb8 27. Bc7
Ra8 28. b6 Bc8 29. f4 Ke8 30. fxe5 fxe5 31. Bd5 Ra5 32. e4 Ng5 33. h4 Nf3+ 34.
Kg2 Bg4 35. Rf1 Ra2+ 36. Bxa2 1-0

[Event "European Blitz 2017"]
[Site "Katowice POL"]
[Date "2017.12.15"]
[Round "12.38"]
[White "Pena Gomez, Manuel"]
[Black "Lewicki, Miroslaw"]
[Result "1/2-1/2"]
[WhiteTitle "IM"]
[BlackTitle "CM"]
[WhiteElo "2491"]
[BlackElo "2404"]
[WhiteFideId "2252813"]
[BlackFideId "1113380"]
[EventDate "2017.12.15"]
[EventType "blitz"]

1. g3 Nf6 2. Bg2 e6 3. Nf3 c5 4. O-O Nc6 5. c4 d5 6. b3 d4 7. e3 Be7 8. d3 O-O
9. exd4 Nxd4 10. Bb2 Qb6 11. Nxd4 cxd4 12. Re1 Bd7 13. Nd2 Rad8 14. Nf3 Bc6 15.
a3 a5 16. Rb1 h6 17. Bc1 Ra8 18. Qd2 Nd7 19. b4 axb4 20. axb4 Bf6 21. Bb2 Ra2
22. Ra1 Rfa8 23. Rxa2 Rxa2 24. Ra1 Qa7 25. Qc1 e5 26. Nd2 Bxg2 27. Kxg2 Bg5 28.
Rxa2 Qxa2 29. Qb1 Qa4 30. Bc1 Qd1 31. Nb3 Nb6 32. h4 Be7 33. Nc5 g5 34. hxg5
Bxg5 35. Nb3 Na4 36. Qa2 Nc3 37. Qa8+ Kg7 38. Bxg5 hxg5 39. Nc5 e4 40. Qd8 Qf3+
41. Kh3 Qh5+ 42. Kg2 Qf3+ 43. Kh3 Qh5+ 44. Kg2 Qf3+ 45. Kh3 Qf5+ 46. Kg2 Qf3+
47. Kh3 Qh5+ 1/2-1/2

[Event "European Blitz 2017"]
[Site "Katowice POL"]
[Date "2017.12.15"]
[Round "12.39"]
[White "Sammalvuo, Tapani"]
[Black "Brazdzionis, Andrius"]
[Result "1/2-1/2"]
[WhiteTitle "IM"]
[WhiteElo "2416"]
[BlackElo "2293"]
[WhiteFideId "501115"]
[BlackFideId "12804479"]
[EventDate "2017.12.15"]
[EventType "blitz"]

1. d4 Nf6 2. Nf3 e6 3. c4 d5 4. Nc3 Bb4 5. cxd5 exd5 6. Bg5 h6 7. Bh4 O-O 8. Qc2
Nbd7 9. a3 Bxc3+ 10. Qxc3 c6 11. e3 Ne4 12. Bxd8 Nxc3 13. Bc7 Ne4 14. Bd3 Re8
15. O-O Nf8 16. h3 Ne6 17. Be5 f6 18. Bh2 N6g5 19. Nh4 Be6 20. Rfd1 Nf7 21. Ng6
Ned6 22. g4 Rad8 23. f3 Ng5 24. Kg2 Bf7 25. h4 Nh7 26. Kf2 Nf8 27. Nxf8 Kxf8 28.
g5 hxg5 29. hxg5 Re6 30. Bf4 Rde8 31. Rh1 fxg5 32. Rh8+ Ke7 33. Bxg5+ Kd7 34.
Rh7 Rg8 35. Bf4 Bg6 36. Bxg6 Rxg6 37. Rah1 Nc4 38. R1h6 Rxh6 39. Bxh6 Nxb2 40.
Bxg7 Ke6 41. Ke2 Nc4 42. a4 b5 43. Bh6 bxa4 44. Rxa7 a3 45. Bf4 Rg2+ 46. Kd3 Rf2
47. Ra6 Kd7 48. Ra7+ Ke6 49. Rc7 Nb2+ 50. Kc3 Na4+ 51. Kb3 a2 52. Rxc6+ Kf5 53.
Rc1 Nb6 54. Ra1 Nc4 55. Rxa2 Rxf3 56. Re2 Ke4 57. Kb4 Rf1 58. Kc5 Ra1 59. Rh2
Ra5+ 60. Kc6 Ra6+ 61. Kb5 Ra5+ 62. Kb4 Ra7 63. Rh8 Rb7+ 64. Kc3 Re7 65. Rh5 Re8
66. Rh4 Nxe3 67. Be5+ Kf5 68. Rf4+ Ke6 69. Rf6+ Ke7 70. Kd3 Ng4 71. Rd6 Rd8 72.
Rxd8 Kxd8 73. Bg7 Kd7 74. Ke2 Ke6 75. Kf3 Kf5 76. Bh8 Nh6 1/2-1/2

[Event "European Blitz 2017"]
[Site "Katowice POL"]
[Date "2017.12.15"]
[Round "12.40"]
[White "Krzywda, Andrzej"]
[Black "Arnaudov, G. Petar"]
[Result "0-1"]
[BlackTitle "GM"]
[WhiteElo "2171"]
[BlackElo "2439"]
[WhiteFideId "1114565"]
[BlackFideId "2907127"]
[EventDate "2017.12.15"]
[EventType "blitz"]

1. e4 g6 2. d4 Bg7 3. Nc3 c6 4. h3 d6 5. Be3 Nf6 6. a4 O-O 7. g4 e5 8. Bg2 exd4
9. Bxd4 Re8 10. Nge2 Qa5 11. O-O h5 12. f3 Nbd7 13. Qd2 hxg4 14. hxg4 Ne5 15. b3
Bd7 16. Ng3 Rad8 17. g5 Nh7 18. Rae1 c5 19. Be3 Nxf3+ 20. Bxf3 Qxc3 21. Qf2 Be6
22. Bd1 Nf8 23. Ne2 Qb4 24. Qf3 d5 25. Ng3 dxe4 26. Nxe4 Bd5 27. Bxc5 Bd4+ 28.
Bxd4 Qxd4+ 29. Qf2 Bxe4 30. Qxd4 Rxd4 31. c3 Rdd8 32. Bg4 Bc6 33. Rc1 Ne6 34.
Be2 Nxg5 35. Rf6 Re6 36. Rxe6 Nxe6 37. a5 Rd2 38. Bg4 Nf4 39. Kf1 Rh2 40. Rd1 f5
41. Bxf5 0-1

[Event "European Blitz 2017"]
[Site "Katowice POL"]
[Date "2017.12.15"]
[Round "12.42"]
[White "Golenia, Wojciech"]
[Black "Stocek, Jiri"]
[Result "0-1"]
[BlackTitle "GM"]
[WhiteElo "1984"]
[BlackElo "2566"]
[WhiteFideId "1175300"]
[BlackFideId "304760"]
[EventDate "2017.12.15"]
[EventType "blitz"]

1. c4 e5 2. Nc3 Bb4 3. g3 Nf6 4. Bg2 O-O 5. Nf3 Re8 6. O-O e4 7. Nd4 c6 8. d3 d5
9. cxd5 cxd5 10. Bg5 Bxc3 11. bxc3 h6 12. Bf4 Bd7 13. Rb1 b6 14. Nb5 Bxb5 15.
Rxb5 Nc6 16. Qa4 Rc8 17. Rd1 exd3 18. Rxd3 Rxe2 19. Bxd5 Nxd5 20. Rbxd5 Qe8 21.
Re3 Rxe3 22. Bxe3 Qe6 23. Rd2 Ne5 24. Qe4 Qe8 25. Bf4 Nc6 26. Qxe8+ Rxe8 27. Rd6
Re6 28. Rd7 Re4 29. Rc7 Rc4 30. Bd2 Ne5 31. Re7 Nf3+ 32. Kf1 Nxd2+ 33. Ke2 Re4+
34. Kxd2 Rxe7 0-1

[Event "European Blitz 2017"]
[Site "Katowice POL"]
[Date "2017.12.15"]
[Round "12.43"]
[White "Pulpan, Jakub"]
[Black "Mazurkiewicz, Michal"]
[Result "1-0"]
[WhiteTitle "IM"]
[WhiteElo "2400"]
[BlackElo "2215"]
[WhiteFideId "302759"]
[BlackFideId "1124943"]
[EventDate "2017.12.15"]
[EventType "blitz"]

1. d4 Nf6 2. Nf3 b5 3. g3 Bb7 4. Bg2 e6 5. O-O Be7 6. Qd3 b4 7. Bg5 O-O 8. Bxf6
Bxf6 9. Ng5 Bxg5 10. Bxb7 Nc6 11. Bxa8 Qxa8 12. Nd2 f5 13. Nf3 Bf6 14. d5 Ne7
15. d6 Nd5 16. dxc7 Bxb2 17. Rab1 Bf6 18. a3 a5 19. axb4 axb4 20. c4 bxc3 21.
Qb5 Qc8 22. Ne1 Qxc7 23. Nc2 h5 24. Rfd1 Qe5 25. e3 h4 26. Qxd7 Qe4 27. f3 Qxf3
28. Qxe6+ Kh8 29. Qxd5 Qe2 30. Qg2 1-0

[Event "European Blitz 2017"]
[Site "Katowice POL"]
[Date "2017.12.15"]
[Round "12.44"]
[White "Georgiev, Kiril"]
[Black "Kantans, Toms"]
[Result "1-0"]
[WhiteTitle "GM"]
[BlackTitle "GM"]
[WhiteElo "2623"]
[BlackElo "2484"]
[WhiteFideId "2900017"]
[BlackFideId "11602945"]
[EventDate "2017.12.15"]
[EventType "blitz"]

1. d4 Nf6 2. Nf3 g6 3. c3 Bg7 4. Bg5 O-O 5. Nbd2 d6 6. e4 h6 7. Bh4 Nh5 8. Bc4
c5 9. dxc5 dxc5 10. O-O Nc6 11. Qc2 Qc7 12. Rfe1 Na5 13. Bf1 c4 14. Rad1 b5 15.
e5 Bf5 16. Qc1 Rad8 17. Nd4 Bd7 18. Bxe7 Bxe5 19. Rxe5 Qxe5 20. Bxd8 Rxd8 21.
N2f3 Qf6 22. Qxh6 Re8 23. Qg5 Kg7 24. Qxf6+ Nxf6 25. g3 Nb7 26. Bg2 Nc5 27. Bf1
a6 28. h3 Bc8 29. g4 Bb7 30. Nd2 Na4 31. Rb1 Ne4 32. N2f3 Nec5 33. Kh2 Be4 34.
Re1 Nxb2 35. Nd2 Bc6 36. Rb1 Nba4 37. Nxc6 Nxc3 38. Ra1 Re6 39. Nd4 Rd6 40. N2f3
N5e4 41. Kg2 Kf6 42. a3 Na4 43. Re1 Nec3 44. g5+ Kg7 45. Re7 Nb1 46. Nc2 Nc5 47.
Ne5 Re6 48. Rxe6 Nxe6 49. h4 Nd2 50. f3 Nf4+ 51. Kf2 Nd5 52. Bh3 f6 53. gxf6+
Kxf6 54. Nc6 Nb3 55. Bc8 a5 56. Ba6 Nc7 57. Bc8 Nd5 58. N2d4 b4 59. axb4 axb4
60. Nc2 Nc5 61. N6xb4 Nf4 62. Ke3 Ng2+ 63. Kd4 Nb3+ 64. Kc3 Nxh4 65. Bg4 Ke5 66.
Ne3 Kf4 67. Nbd5+ Kg3 68. Nxc4 Nc5 69. Kd4 Nxf3+ 70. Bxf3 Kxf3 71. Ne5+ Kf2 72.
Kxc5 g5 73. Ng4+ Kf3 74. Ndf6 Kf4 75. Kd4 Kf3 76. Kd3 Kf4 77. Ke2 Kf5 78. Kf3
Ke6 79. Ke4 Kd6 80. Nd5 Kc5 81. Nde3 Kd6 82. Kd4 Ke6 83. Kc5 Kd7 84. Kd5 Kc7 85.
Kc5 Kd7 86. Nf5 Ke6 87. Nd4+ Kd7 88. Kd5 Kc7 89. Ne6+ Kb6 90. Nd4 Kc7 91. Kc5
Kd7 92. Ne2 Ke6 93. Ng3 Kd7 94. Nf5 Ke6 95. Nfe3 Kd7 96. Kd5 Kc7 97. Nc4 Kd7 98.
Nb6+ Kc7 99. Kc5 Kb7 100. Nd5 Ka6 101. Kb4 Ka7 102. Kb5 Kb7 103. Nb6 Kc7 104.
Kc5 Kb7 105. Nc4 Kc7 106. Nce5 Kb7 107. Kb5 Kc7 108. Nc4 Kd7 109. Kb6 Ke6 110.
Nce3 Kd6 111. Kb5 Ke6 112. Kc6 Ke7 113. Nf5+ Ke6 114. Nfh6 Ke7 115. Nf5+ Ke6
116. Ng3 Ke7 117. Kd5 Kd7 118. Ne4 Kc7 119. Kc5 Kd7 120. Nef6+ Ke6 121. Kd4 Kf5
122. Ke3 Ke6 123. Ke4 Kd6 124. Nd5 Kc5 125. Nde3 Kd6 126. Kd4 Ke6 127. Kc5 Kd7
128. Nd5 Ke6 129. Nde3 Kd7 130. Kd5 Kc7 131. Nc4 Kd7 132. Nb6+ Kc7 133. Kc5 Kb7
134. Nd5 Ka6 135. Kb4 Ka7 136. Ka5 Kb7 137. Kb5 Ka7 138. Nb4 Kb7 139. Na6 Ka7
140. Nc5 Kb8 141. Kc6 Ka7 142. Kc7 Ka8 143. Ne5 g4 144. Ned7 g3 145. Nb6+ Ka7
146. Nc8+ Ka8 147. Nd7 g2 148. Ndb6# 1-0

[Event "European Blitz 2017"]
[Site "Katowice POL"]
[Date "2017.12.15"]
[Round "12.45"]
[White "Mohr, Georg"]
[Black "Sakalauskas, Vaidas"]
[Result "1-0"]
[WhiteTitle "GM"]
[BlackTitle "IM"]
[WhiteElo "2473"]
[BlackElo "2351"]
[WhiteFideId "14600013"]
[BlackFideId "12800457"]
[EventDate "2017.12.15"]
[EventType "blitz"]

1. e4 c5 2. Nf3 g6 3. d4 cxd4 4. Nxd4 Bg7 5. c4 Nc6 6. Be3 Nf6 7. Nc3 Ng4 8.
Qxg4 Nxd4 9. Qd1 e5 10. Nb5 O-O 11. Bd3 Nxb5 12. cxb5 d5 13. O-O dxe4 14. Bxe4
f5 15. Bd5+ Kh8 16. Bc5 Rf6 17. Qb3 Qe8 18. Rfe1 Bd7 19. a4 a6 20. Bxb7 Rb8 21.
Bd5 axb5 22. a5 Ra6 23. Qb4 Bc6 24. Bb3 Qd7 25. Rad1 Qb7 26. Bd6 Re8 27. Bxe5
Bxg2 28. Bxg7+ Kxg7 29. Rxe8 1-0

[Event "European Blitz 2017"]
[Site "Katowice POL"]
[Date "2017.12.15"]
[Round "12.46"]
[White "Mikhalchishin, Adrian"]
[Black "Batsiashvili, Nino"]
[Result "0-1"]
[WhiteTitle "GM"]
[BlackTitle "IM"]
[WhiteElo "2479"]
[BlackElo "2502"]
[WhiteFideId "14602385"]
[BlackFideId "13602993"]
[EventDate "2017.12.15"]
[EventType "blitz"]

1. Nf3 d5 2. d4 Nf6 3. c4 e6 4. Nc3 Bb4 5. Qa4+ Nc6 6. e3 O-O 7. Bd2 a6 8. Qc2
Re8 9. Rd1 Bd6 10. h3 dxc4 11. Bxc4 e5 12. d5 Ne7 13. e4 Ng6 14. g3 b5 15. Bb3
h6 16. Kf1 Bd7 17. Kg2 a5 18. a4 b4 19. Nb5 Nh7 20. Rc1 Qf6 21. Qd3 Rec8 22. Be3
h5 23. h4 Qe7 24. Nxd6 cxd6 25. Rxc8+ Rxc8 26. Rc1 Nf6 27. Rxc8+ Bxc8 28. Bb6
Nd7 29. Bxa5 Nc5 30. Qc4 f5 31. Nd2 fxe4 32. Bxb4 Nxh4+ 33. Kg1 Qg5 34. Bxc5
Qxd2 35. Be3 Qe1+ 36. Qf1 Nf3+ 37. Kg2 Bh3+ 0-1

[Event "European Blitz 2017"]
[Site "Katowice POL"]
[Date "2017.12.15"]
[Round "12.47"]
[White "Dragnev, Valentin"]
[Black "Heberla, Bartlomiej"]
[Result "0-1"]
[WhiteTitle "IM"]
[BlackTitle "GM"]
[WhiteElo "2458"]
[BlackElo "2555"]
[WhiteFideId "1634852"]
[BlackFideId "1115120"]
[EventDate "2017.12.15"]
[EventType "blitz"]

1. e4 c5 2. Nf3 e6 3. d4 cxd4 4. Nxd4 Nf6 5. Nc3 Nc6 6. Be2 d6 7. O-O Be7 8. Be3
O-O 9. f4 e5 10. Nxc6 bxc6 11. Kh1 Qa5 12. Qd2 Rd8 13. Rad1 Ba6 14. f5 Bxe2 15.
Qxe2 Rab8 16. Bc1 Rb4 17. Rf3 Rd4 18. Re1 Qc7 19. Rg3 Kf8 20. a3 d5 21. exd5
Nxd5 22. Nxd5 cxd5 23. Qh5 Rh4 24. Qd1 Bf6 25. Bg5 Rd4 26. Qh5 Bxg5 27. Qxg5 f6
28. Qh5 h6 29. c3 Rf4 30. Qg6 Qf7 31. Qh7 Qg8 32. Qg6 Qf7 33. Qh7 d4 34. cxd4
Rfxd4 35. h3 Rd1 36. Re3 Rxe1+ 37. Rxe1 Qc4 38. Qg6 Kg8 39. Qg3 Rd3 40. Qf2 Qd4
41. Qc2 Kh7 42. Qe2 Rd2 43. Qg4 Qxg4 44. hxg4 Rxb2 45. Re4 a5 46. Ra4 Rb5 47.
Kh2 h5 48. Kh3 Kh6 49. Kh4 hxg4 50. Rxg4 Rb2 51. Ra4 Rxg2 52. Rxa5 Rf2 0-1

[Event "European Blitz 2017"]
[Site "Katowice POL"]
[Date "2017.12.15"]
[Round "12.48"]
[White "Tregubov, Pavel V."]
[Black "Lavendelis, Egons"]
[Result "1/2-1/2"]
[WhiteTitle "GM"]
[BlackTitle "FM"]
[WhiteElo "2575"]
[BlackElo "2278"]
[WhiteFideId "4115341"]
[BlackFideId "11601647"]
[EventDate "2017.12.15"]
[EventType "blitz"]

1. d4 Nf6 2. c4 g6 3. Nc3 d5 4. Nf3 Bg7 5. e3 O-O 6. cxd5 Nxd5 7. Bc4 Nxc3 8.
bxc3 c5 9. O-O Nc6 10. Qe2 Qc7 11. Rd1 Na5 12. Bd3 b6 13. Rb1 Bb7 14. e4 cxd4
15. cxd4 Rac8 16. Bg5 Rfd8 17. Rbc1 Qd6 18. d5 Rxc1 19. Rxc1 Rc8 20. Rxc8+ Bxc8
21. h3 e6 22. Qc2 Bb7 23. dxe6 Qxe6 24. Qc7 h6 25. Be3 Bxe4 26. Bxe4 Qxe4 27.
Qxa7 Nc4 28. Qb8+ Kh7 29. Qf4 Qb1+ 30. Kh2 Nxe3 31. Qxe3 Qxa2 32. Qxb6 Qd5 33.
Qc7 Qe6 34. h4 Bf6 35. Qb7 Kg7 36. g3 Qe7 37. Qd5 Qd8 38. Qe4 Qe7 39. Qf4 Qc5
40. Kg2 Qd5 41. Qe3 Qc6 42. Kg1 Qd5 43. Nh2 Qd1+ 44. Kg2 Qd5+ 45. Nf3 Qc6 46.
Qd3 Qc3 47. Qe4 Qb2 48. Nh2 Qd4 49. Qf3 Qc3 50. Qb7 Qb2 51. Qxb2 Bxb2 52. Kf3 h5
53. Ke4 Kf6 54. Nf3 Ke6 55. Ng5+ Ke7 56. f3 Bc1 57. Nh3 Bd2 58. f4 Be1 59. Kf3
Bb4 60. Ng5 Bc5 61. Ne4 Bb6 62. Nc3 Bc5 63. Ke4 Bf2 64. Ne2 Ke6 65. f5+ gxf5+
66. Kf3 Bc5 67. Nf4+ Ke5 68. Nxh5 Bd6 69. Nf4 Kf6 70. Ne2 Bc7 71. Nc3 Bd6 72.
Nd5+ Kg6 73. Nf4+ Kf6 74. Ne2 Be5 75. Nf4 Bd6 76. Nd3 1/2-1/2

[Event "European Blitz 2017"]
[Site "Katowice POL"]
[Date "2017.12.15"]
[Round "12.51"]
[White "Holemar, David"]
[Black "Kuzmicz, Krystian"]
[Result "0-1"]
[WhiteTitle "FM"]
[BlackTitle "IM"]
[WhiteElo "2299"]
[BlackElo "2460"]
[WhiteFideId "307009"]
[BlackFideId "1119125"]
[EventDate "2017.12.15"]
[EventType "blitz"]

1. Nc3 g6 2. e4 Bg7 3. h4 h5 4. f4 c6 5. Bc4 d5 6. exd5 b5 7. Bb3 b4 8. Ne4 cxd5
9. Ng5 Bg4 10. N1f3 Nf6 11. a3 bxa3 12. Rxa3 O-O 13. O-O Nc6 14. d4 e6 15. c3
Ne4 16. Bc2 Nd6 17. Qe1 Qe7 18. Ne5 Nxe5 19. fxe5 Nf5 20. Ra6 Rac8 21. Qf2 Rc7
22. Bd2 Rb8 23. b4 Rb6 24. Ra5 Rbc6 25. Rfa1 Nh6 26. Ba4 Rb6 27. Bb5 Bf5 28. Be2
Bg4 29. Bd3 Bf5 30. Be2 f6 31. exf6 Bxf6 32. g3 Nf7 33. Nf3 Nd6 34. Ng5 Ne4 35.
Nxe4 Bxe4 36. Kh2 e5 37. dxe5 Bxe5 38. Bf4 Rf6 39. Rxa7 Bxf4 40. gxf4 Rfc6 41.
Rxc7 Rxc7 42. Ra8+ Kh7 43. Kg1 d4 44. Qxd4 Bxa8 0-1

[Event "European Blitz 2017"]
[Site "Katowice POL"]
[Date "2017.12.15"]
[Round "12.52"]
[White "Krejci, Jan2"]
[Black "Brzezinski, Mateusz"]
[Result "1/2-1/2"]
[WhiteTitle "GM"]
[WhiteElo "2570"]
[BlackElo "2164"]
[WhiteFideId "322156"]
[BlackFideId "1177117"]
[EventDate "2017.12.15"]
[EventType "blitz"]

1. e4 c5 2. Nf3 Nc6 3. Bb5 e6 4. Bxc6 bxc6 5. O-O Ne7 6. b3 Ng6 7. Bb2 f6 8. e5
Be7 9. d4 cxd4 10. Bxd4 O-O 11. Nc3 fxe5 12. Nxe5 Nxe5 13. Bxe5 d6 14. Bg3 Qa5
15. Ne2 e5 16. c4 Bg4 17. h3 Bh5 18. Qd3 Bg6 19. Qe3 h6 20. Rad1 Rad8 21. Rd2
Rfe8 22. h4 Bf6 23. Rfd1 d5 24. b4 Qxb4 25. cxd5 cxd5 26. Rxd5 Rxd5 27. Rxd5 Bf7
28. Rd1 Bxh4 29. Bxh4 Qxh4 30. Qxa7 Qc4 31. Nc1 Qc2 32. Re1 Rd8 33. Qe3 e4 34.
g3 Bxa2 1/2-1/2

[Event "European Blitz 2017"]
[Site "Katowice POL"]
[Date "2017.12.15"]
[Round "12.53"]
[White "Zorko, Jure"]
[Black "Medarde Santiago, Luis Marcos"]
[Result "1/2-1/2"]
[WhiteTitle "IM"]
[BlackTitle "FM"]
[WhiteElo "2457"]
[BlackElo "2350"]
[WhiteFideId "14604051"]
[BlackFideId "2263076"]
[EventDate "2017.12.15"]
[EventType "blitz"]

1. d4 Nf6 2. Nf3 d5 3. Bf4 e6 4. e3 Bd6 5. Bg3 c5 6. c3 Nc6 7. Nbd2 O-O 8. Bd3
b6 9. e4 Be7 10. e5 Nh5 11. a3 a5 12. Bb5 Bd7 13. Bd3 Bc8 14. O-O Ba6 15. Bxa6
Rxa6 16. a4 Ra8 17. Nb1 Rc8 18. Ne1 Nxg3 19. hxg3 cxd4 20. cxd4 g6 21. Nf3 Nb4
22. Na3 Qd7 23. b3 Rc6 24. Nb5 Rfc8 25. Qd2 Rc2 26. Qh6 Bf8 27. Qf4 h6 28. Qh4
Qe7 29. Qg4 Rb2 30. Rab1 Rxb1 31. Rxb1 Rc2 32. Rf1 Rb2 33. Qf4 Rxb3 34. Qc1 Qd7
35. Rd1 Rd3 36. Rxd3 Nxd3 37. Qc3 Nb4 38. g4 Qc6 39. Qd2 Qc2 40. Qxc2 Nxc2 41.
Kf1 Na3 42. Nxa3 Bxa3 43. Ke2 Kf8 44. Kd3 Ke7 45. Kc3 Kd7 46. Kd3 Kc6 47. Kc3
Bb4+ 48. Kb3 Be7 49. Ne1 b5 50. Nd3 Bf8 51. f4 Be7 52. g3 Bd8 53. Nc1 Bb6 54.
Ne2 h5 55. gxh5 gxh5 56. axb5+ Kxb5 57. Nc3+ Kc6 58. Ne2 Bd8 59. Ka4 Kb6 60. f5
exf5 61. Nf4 Kc6 62. Nxh5 Bg5 63. Kxa5 Be3 64. Ng7 Bxd4 65. Nxf5 Bxe5 66. Kb4
Kd7 67. Kb3 Ke6 68. g4 f6 69. Kc2 Kf7 70. Kd3 Kg6 71. Ne7+ Kg5 72. Nxd5 Kxg4 73.
Nxf6+ Bxf6 74. Ke4 1/2-1/2

[Event "European Blitz 2017"]
[Site "Katowice POL"]
[Date "2017.12.15"]
[Round "12.54"]
[White "Mitkov, Marjan"]
[Black "Gdanski, Jacek"]
[Result "1-0"]
[WhiteTitle "IM"]
[BlackTitle "GM"]
[WhiteElo "2333"]
[BlackElo "2458"]
[WhiteFideId "15000354"]
[BlackFideId "1100106"]
[EventDate "2017.12.15"]
[EventType "swiss"]

1. d4 Nf6 2. Nf3 c5 3. d5 g6 4. Nc3 d6 5. e4 Bg7 6. Bc4 O-O 7. O-O Bg4 8. h3
Bxf3 9. Qxf3 Nbd7 10. Bf4 Ne5 11. Qe2 Nxc4 12. Qxc4 a6 13. a4 b6 14. Rfe1 Nd7
15. Bg3 Qc7 16. Rad1 Rfb8 17. f4 b5 18. Qe2 b4 19. Nb1 Bxb2 20. e5 Bd4+ 21. Rxd4
cxd4 22. e6 Nf8 23. exf7+ Kxf7 24. f5 b3 25. fxg6+ hxg6 26. Qf3+ Kg8 27. cxb3
Re8 28. Nd2 Qc3 29. Qf2 e5 30. Ne4 Qxb3 31. Nf6+ Kg7 32. Rf1 Qe3 33. Qxe3 dxe3
34. Nxe8+ Rxe8 35. Re1 Nd7 36. Rxe3 Nb6 37. Rb3 Nxa4 38. Rb7+ Kf6 39. Ra7 Nc5
40. Bf2 e4 41. Bd4+ Kf5 42. g4+ Kf4 43. Rf7+ Kg3 44. Bf2+ Kxh3 45. g5 e3 46.
Rf3+ Kg4 47. Rxe3 Rxe3 48. Bxe3 Ne4 49. Kf1 Kf3 50. Bc1 a5 51. Ba3 a4 52. Ke1
Ke3 53. Kd1 Kd3 54. Kc1 Kc3 55. Bb2+ Kb3 56. Bf6 a3 57. Kb1 Nc3+ 58. Ka1 Nxd5
59. Bg7 Nb4 60. Kb1 a2+ 61. Kc1 Nc2 62. Kd2 a1=Q 63. Bxa1 Nxa1 64. Kd3 Nc2 1-0

[Event "European Blitz 2017"]
[Site "Katowice POL"]
[Date "2017.12.15"]
[Round "12.55"]
[White "Sabuk, Piotr"]
[Black "Polzin, Rainer"]
[Result "0-1"]
[WhiteTitle "IM"]
[BlackTitle "GM"]
[WhiteElo "2382"]
[BlackElo "2404"]
[WhiteFideId "1137565"]
[BlackFideId "4610741"]
[EventDate "2017.12.15"]
[EventType "blitz"]

1. d4 Nf6 2. Nf3 g6 3. c4 Bg7 4. Nc3 O-O 5. e4 d6 6. h3 Na6 7. Be3 c5 8. d5 e6
9. Bd3 exd5 10. exd5 Nb4 11. Bb1 b5 12. a3 Qa5 13. Nd2 bxc4 14. Nxc4 Qa6 15. O-O
Qxc4 16. axb4 Qxb4 17. Qd2 Re8 18. Bd3 Bb7 19. Ba6 Bxa6 20. Rxa6 Red8 21. Rfa1
Ne4 22. Nxe4 Qxe4 23. Rxa7 Rxa7 24. Rxa7 Qb1+ 25. Kh2 Qxb2 26. Qa5 Re8 27. Qc7
Qf6 28. Ra6 Qf5 29. Qc6 Rf8 30. g3 Be5 31. Kg2 Qe4+ 32. Kh2 h5 33. Ra4 Qf5 34.
Bf4 Rb8 35. Qc7 Rb2 36. Kg2 Rxf2+ 37. Kxf2 Qc2+ 38. Kf3 Qb3+ 39. Kg2 Qxa4 40.
Bxe5 Qc2+ 41. Kf3 Qd3+ 42. Kf2 Qd2+ 43. Kf3 Qxd5+ 44. Kf2 Qxe5 45. h4 Kg7 46.
Kf3 Qd4 47. Qd8 c4 0-1